000 00579cab a2200217 4500
001 ABS43960
008 090401t1991 xxu||||| |||| 00| 0 eng d
035 _a(Sirsi) u44457
041 _aeng
100 _aHarwood, M.
245 4 _aThe plough and the footpath
260 _c1991
350 _a0
490 _aNew Law Journal
_v141(6486) 11 January 1991, 15-16(2)
520 _aBriefly reviews the Rights of Way Act 1990 .
650 _aBRIDLEWAYS
650 _aPUBLIC FOOTPATHS
690 _aHIGHWAYS RIGHTS OF WAY AND EASEMENTS
942 _n0
948 _c04/03/1997
999 _c28275
_d28275